Statistics for Spider-Man Quiz

Click here to take the quiz!

General Stats

  • This quiz has been taken 25 times
  • The average score is 4 of 15

Answer Stats

HintAnswer% Correct
Alter EgoPeter Parker
90%
Love InterestMary Jane Watson
70%
RivalFlash Thompson
50%
Best FriendHarry Osborn
50%
BossJ. Jonah Jameson
45%
EmployerDaily Bugle
35%
Founded Sinister SixVulture
20%
First Super Hero(es) FoughtFantastic Four
15%
Sandman Alter EgoFlint Marco
15%
High School AttendedMidtown High
15%
First Super Villain FoughtChameleon
10%
GuardiansMay and Ben Parker
10%
Spider-Man Clone Alter EgoBen Reilly
5%
Alternate Name Used in Early ComicPeter Palmer
5%
ParentsRichard and Mary Parker
0%

Score Distribution

Percentile by Number Answered

Percent of People with Each Score

Your Score History

You have not taken this quiz